[Event "Lichtenberger Sommer 2017"]
[Site "Berlin"]
[Date "2017.08.24"]
[Round "6.19"]
[White "Kohler, Thomas"]
[Black "Seitz, Patrick"]
[Result "1/2-1/2"]
[WhiteElo "2154"]
[BlackElo "1956"]
[PlyCount "66"]
[EventDate "2017.??.??"]
[WhiteTeam "SC Zitadelle Spandau"]
[BlackTeam "SR Heuberg-Gosheim"]

1. c4 Nf6 2. g3 e6 3. Bg2 d5 4. Nf3 Nc6 5. O-O Bd6 6. d4 O-O 7. Nbd2 b6 8. b3
Bb7 9. Bb2 Ne7 10. e4 dxe4 11. Ng5 Ng6 12. Ngxe4 Nxe4 13. Nxe4 Rb8 14. f4 Be7
15. Qe2 Re8 16. Rad1 f5 17. Nd2 Bxg2 18. Qxg2 Bf6 19. Nf3 h5 20. Rd2 h4 21.
Rfd1 hxg3 22. hxg3 c6 23. Ba3 Qc8 24. Bd6 Rb7 25. Ne5 Rd8 26. Ba3 Bxe5 27. dxe5
Rbd7 28. Bd6 Kf7 29. Qf2 Rh8 30. Ba3 Rc7 31. Bd6 Rd7 32. Ba3 Rc7 33. Bd6 Rd7
1/2-1/2

[Event "Lichtenberger Sommer 2017"]
[Site "Berlin"]
[Date "2017.08.24"]
[Round "6.20"]
[White "Piotrowski, Christopher"]
[Black "Meyer-Dunker, Paul"]
[Result "1-0"]
[WhiteElo "2117"]
[BlackElo "1965"]
[PlyCount "51"]
[EventDate "2017.??.??"]
[WhiteTeam "SK König Tegel"]
[BlackTeam "SC Friesen Lichtenberg"]

1. c4 e6 2. g3 d5 3. Bg2 Nf6 4. Nf3 dxc4 5. Na3 Qd5 6. Qc2 Nc6 7. O-O Na5 8. b4
Bxb4 9. Qa4+ Nc6 10. Nh4 Qc5 11. Bxc6+ bxc6 12. Nc2 Ba5 13. Rb1 Nd5 14. Ne3
Nxe3 15. fxe3 Ba6 16. Ba3 Qd5 17. Nf3 f6 18. e4 Bb6+ 19. Rxb6 Bb5 20. Qb4 Qd7
21. Ne5 Qd6 22. Rxb5 cxb5 23. Qxb5+ c6 24. Qb7 Qxa3 25. Qf7+ Kd8 26. Qd7# 1-0

[Event "Lichtenberger Sommer 2017"]
[Site "Berlin"]
[Date "2017.08.24"]
[Round "6.21"]
[White "Püschel, Werner"]
[Black "Gaerths, Ronny"]
[Result "1/2-1/2"]
[WhiteElo "1998"]
[BlackElo "2182"]
[PlyCount "123"]
[EventDate "2017.??.??"]
[WhiteTeam "Lasker Steglitz-Wilmersdorf"]
[BlackTeam "SG TT/Wiheil"]

1. e4 g6 2. d4 Bg7 3. Nc3 c6 4. Be2 d5 5. Be3 dxe4 6. Nxe4 Nd7 7. Nf3 Ngf6 8.
Nxf6+ Nxf6 9. O-O O-O 10. h3 Bf5 11. c3 Qc7 12. Qc1 Rfe8 13. Bf4 Qb6 14. Ne5
Be6 15. Re1 Rac8 16. b4 a5 17. a3 Ra8 18. Qd2 Red8 19. Bd3 axb4 20. axb4 Ra7
21. Nc4 Bxc4 22. Bxc4 Rxa1 23. Rxa1 Nd5 24. Bxd5 cxd5 25. Qe2 e6 26. Ra5 Rc8
27. Bd2 Bf8 28. Kf1 Be7 29. Qb5 Bd8 30. Qxb6 Bxb6 31. Ra2 f6 32. f4 Kf7 33. Ke2
h6 34. Kd3 g5 35. Be3 Rg8 36. g3 Ke7 37. c4 dxc4+ 38. Kxc4 Rd8 39. Re2 Rd5 40.
fxg5 hxg5 41. g4 Kf7 42. Bf2 f5 43. gxf5 Rxf5 44. Bg3 Rd5 45. Be5 Kg6 46. Rg2
Kh5 47. Rg4 Bd8 48. Re4 b5+ 49. Kc3 Kg6 50. Bb8 Kf5 51. Re2 Bf6 52. Rf2+ Kg6
53. Ba7 Rf5 54. Rxf5 Kxf5 55. Kd3 Kf4 56. Bb8+ Kf3 57. Bd6 Bd8 58. d5 exd5 59.
Kd4 Kg2 60. Kxd5 Kxh3 61. Kc6 g4 62. Kxb5 1/2-1/2

[Event "Lichtenberger Sommer 2017"]
[Site "Berlin"]
[Date "2017.08.24"]
[Round "6.22"]
[White "Slepuschkin, Shenis"]
[Black "Oelmann, Henry"]
[Result "1-0"]
[WhiteElo "2169"]
[BlackElo "1992"]
[PlyCount "57"]
[EventDate "2017.??.??"]
[WhiteTeam "SG NARVA Berlin"]
[BlackTeam "SC Oranienburg"]

1. d4 Nf6 2. Nc3 d6 3. e4 g6 4. Be3 c6 5. f3 Nbd7 6. Qd2 Nb6 7. g4 h6 8. O-O-O
Bd7 9. Bf4 Qc7 10. h4 Bg7 11. Bd3 O-O-O 12. Qh2 a6 13. Nge2 Ne8 14. e5 dxe5 15.
dxe5 Be6 16. Bg3 g5 17. Bf5 Rxd1+ 18. Rxd1 Nc4 19. Bxe6+ fxe6 20. Nd4 Bxe5 21.
Nxe6 Bxg3 22. Qxg3 Qb6 23. Rd8+ Qxd8 24. Nxd8 Kxd8 25. Qb8+ Kd7 26. Ne4 b6 27.
b3 Ncd6 28. Qxb6 Nxe4 29. Qd4+ 1-0

[Event "Lichtenberger Sommer 2017"]
[Site "Berlin"]
[Date "2017.08.24"]
[Round "6.23"]
[White "Dittrich, Tom"]
[Black "Dimitrijeski, Kristian"]
[Result "1/2-1/2"]
[WhiteElo "1943"]
[BlackElo "2182"]
[PlyCount "77"]
[EventDate "2017.??.??"]
[WhiteTeam "SG Stadtilm"]
[BlackTeam "SK König Tegel"]

1. e4 e5 2. Nf3 Nc6 3. Bc4 Bc5 4. c3 Nf6 5. d4 exd4 6. O-O Nxe4 7. cxd4 d5 8.
dxc5 dxc4 9. Qe2 Qd3 10. Re1 f5 11. Nbd2 O-O 12. Nxe4 fxe4 13. Qxe4 Bf5 14. Qh4
Rae8 15. Bf4 Be4 16. Re3 Qd7 17. Rae1 Bxf3 18. Rxe8 Rxe8 19. Rxe8+ Qxe8 20.
gxf3 Nd4 21. Kg2 Ne6 22. Be3 Qg6+ 23. Qg4 Kf7 24. Kh3 Qd3 25. Qh5+ Ke7 26. Bg5+
Nxg5+ 27. Qxg5+ Ke6 28. Kg3 g6 29. Qg4+ Kf6 30. Qh4+ g5 31. Qh6+ Qg6 32. Qf8+
Qf7 33. Qh8+ Kg6 34. Qe5 c6 35. Qe4+ Kg7 36. Qe5+ Kg6 37. Qe4+ Kg7 38. Qe5+ Kg6
39. Qe4+ 1/2-1/2

[Event "Lichtenberger Sommer 2017"]
[Site "Berlin"]
[Date "2017.08.24"]
[Round "6.24"]
[White "Mätzkow, Maximilian Paul"]
[Black "Matitschka, Heinz"]
[Result "1/2-1/2"]
[WhiteElo "2172"]
[BlackElo "1910"]
[PlyCount "88"]
[EventDate "2017.??.??"]
[WhiteTeam "ESV Eberswalde"]
[BlackTeam "TSG Oberschöneweide"]

1. e4 e6 2. d4 d5 3. Nc3 Nf6 4. Bg5 Bb4 5. exd5 Qxd5 6. Nf3 b6 7. Bd3 Ba6 8.
O-O Bxc3 9. bxc3 Bxd3 10. cxd3 Nbd7 11. Re1 O-O 12. Qd2 Rac8 13. c4 Qb7 14.
Rab1 c5 15. dxc5 Rxc5 16. Qb4 Rfc8 17. Be3 Rh5 18. h3 Nc5 19. Bxc5 Rcxc5 20. d4
Rcf5 21. Re5 Rxe5 22. dxe5 Ne4 23. c5 Ng5 24. Ne1 Nxh3+ 25. gxh3 Rg5+ 26. Kh2
Qd5 27. f4 Rg6 28. Rb2 h5 29. Rd2 Qa8 30. cxb6 axb6 31. Qxb6 Qe4 32. Qf2 h4 33.
Qxh4 Rh6 34. Qf2 Qf5 35. Qf3 Rxh3+ 36. Qxh3 Qxf4+ 37. Qg3 Qxd2+ 38. Kh3 Qxa2
39. Ng2 Qe2 40. Qf4 Qd3+ 41. Ne3 Qg6 42. Ng4 Qd3+ 43. Kh4 Qh7+ 44. Kg3 Qd3+
1/2-1/2

[Event "Lichtenberger Sommer 2017"]
[Site "Berlin"]
[Date "2017.08.24"]
[Round "6.25"]
[White "Amelang, Thomas"]
[Black "Bui, Bao Anh Le"]
[Result "1-0"]
[WhiteElo "2178"]
[BlackElo "1775"]
[PlyCount "65"]
[EventDate "2017.??.??"]
[WhiteTeam "Münchener SC"]
[BlackTeam "SV Mattnetz Berlin"]

1. e4 c5 2. Nc3 Nc6 3. d3 g6 4. Be3 d6 5. Qd2 Bg7 6. g3 e5 7. Bg2 Nge7 8. Bh6
O-O 9. h4 Bxh6 10. Qxh6 f6 11. Qd2 Nd4 12. Nd5 Bg4 13. c3 Ndc6 14. Ne2 b5 15.
Ne3 Be6 16. d4 cxd4 17. cxd4 exd4 18. Nc2 d3 19. Qxd3 Ne5 20. Qd2 Nc4 21. Qc3
Rc8 22. Ncd4 Bd7 23. O-O a5 24. Nf4 Qb6 25. Nde6 b4 26. Qc1 Rf7 27. Rd1 Na3 28.
Qd2 Bxe6 29. Nxe6 Rc2 30. Qf4 Nb5 31. Bf1 Rc6 32. Bxb5 Qxb5 33. Nd8 1-0

[Event "Lichtenberger Sommer 2017"]
[Site "Berlin"]
[Date "2017.08.24"]
[Round "6.26"]
[White "Vogel, Robert"]
[Black "Eisheh, Jens-Tarek"]
[Result "1-0"]
[WhiteElo "2154"]
[BlackElo "1879"]
[PlyCount "81"]
[EventDate "2017.??.??"]
[WhiteTeam "SG Pang-Rosenheim"]
[BlackTeam "Lübecker SV"]

1. d4 d5 2. c4 e6 3. Nf3 Nf6 4. g3 Bb4+ 5. Nc3 c6 6. Bg2 Ne4 7. Qc2 Qa5 8. Bd2
Nxd2 9. Nxd2 Be7 10. cxd5 O-O 11. dxe6 Bxe6 12. O-O Nd7 13. Rad1 Qh5 14. e4 Nf6
15. Rfe1 Rad8 16. Nf1 Rd7 17. Qe2 Bg4 18. f3 Bh3 19. e5 Nd5 20. Nxd5 Rxd5 21.
Ne3 Bxg2 22. Kxg2 Rd7 23. f4 Qxe2+ 24. Rxe2 Rfd8 25. Red2 Bc5 26. Nc2 a5 27.
Kf3 Kf8 28. Ke4 g6 29. g4 h5 30. h3 Ke7 31. Rd3 Bb6 32. Ne3 hxg4 33. hxg4 Rh8
34. d5 Bxe3 35. d6+ Kf8 36. Rxe3 Rh4 37. Rg3 Rh2 38. f5 Rxb2 39. e6 Rb4+ 40.
Kf3 fxe6 41. fxe6 1-0

[Event "Lichtenberger Sommer 2017"]
[Site "Berlin"]
[Date "2017.08.24"]
[Round "6.27"]
[White "Bartoszewski-Reiski, Olaf"]
[Black "Möller, Dustin"]
[Result "0-1"]
[WhiteElo "1740"]
[BlackElo "2081"]
[PlyCount "76"]
[EventDate "2017.??.??"]
[WhiteTeam "Korona Gdansk"]
[BlackTeam "Eckernförder SC"]

1. e4 e6 2. Nf3 d5 3. Nc3 Nf6 4. e5 Nfd7 5. d4 c5 6. dxc5 Nc6 7. Bf4 Nxc5 8.
Bd3 Be7 9. a3 Nd7 10. O-O g5 11. Bg3 g4 12. Ne1 Ndxe5 13. Bb5 Ng6 14. Qxg4 h5
15. Qd4 h4 16. Bxc6+ bxc6 17. Bf4 Bd7 18. Bd2 c5 19. Qg4 e5 20. Qe2 Bc6 21. f4
d4 22. f5 Nf8 23. f6 Bxf6 24. Ne4 Be7 25. Nxc5 Qd5 26. Ncd3 Bb5 27. Rf5 f6 28.
a4 Ba6 29. Rh5 Rg8 30. Rxh4 O-O-O 31. Qh5 Nd7 32. Nb4 Bxb4 33. Bxb4 Qc4 34. Nd3
Qxc2 35. Rc1 Rxg2+ 36. Kh1 Qxc1+ 37. Nxc1 Rdg8 38. Qd1 Bb7 0-1

[Event "Lichtenberger Sommer 2017"]
[Site "Berlin"]
[Date "2017.08.24"]
[Round "6.28"]
[White "Pluska, Alexander"]
[Black "Thomas, Tobias"]
[Result "1-0"]
[WhiteElo "2205"]
[BlackElo "1877"]
[PlyCount "71"]
[EventDate "2017.??.??"]
[WhiteTeam "SK Doppelbauer Kiel"]
[BlackTeam "SK Langen"]

1. e4 c5 2. Nf3 Nc6 3. d4 cxd4 4. Nxd4 e5 5. Nb5 d6 6. N1c3 a6 7. Na3 b5 8. Nd5
Nf6 9. c4 b4 10. Nxf6+ Qxf6 11. Nc2 Be7 12. g3 O-O 13. Bg2 Be6 14. b3 Rac8 15.
O-O Qg6 16. a3 bxa3 17. Rxa3 a5 18. Ne3 Bd8 19. Kh1 Kh8 20. Ra2 Nb4 21. Rd2 Bc7
22. Bb2 f5 23. exf5 Bxf5 24. Nxf5 Qxf5 25. f4 exf4 26. Rxf4 Qg5 27. Rg4 Qh6 28.
Rxg7 Qxg7 29. Bxg7+ Kxg7 30. Rd4 Kh8 31. Rg4 Rf6 32. Qd4 Rcf8 33. Be4 Bd8 34.
Bxh7 Kxh7 35. Qe4+ Rf5 36. Rf4 1-0

[Event "Lichtenberger Sommer 2017"]
[Site "Berlin"]
[Date "2017.08.24"]
[Round "6.29"]
[White "Simon, Ralf-Axel"]
[Black "Dreke, Frank"]
[Result "1-0"]
[WhiteElo "2184"]
[BlackElo "1958"]
[PlyCount "65"]
[EventDate "2017.??.??"]
[WhiteTeam "TSG Neuruppin"]
[BlackTeam "SV Mattnetz Berlin"]

1. Nf3 d5 2. e3 Nf6 3. c4 g6 4. cxd5 Nxd5 5. Qa4+ Nd7 6. e4 N5b6 7. Qd4 e5 8.
Qc3 Bg7 9. d3 O-O 10. Bg5 f6 11. Be3 Qe7 12. Qxc7 Re8 13. Be2 Qb4+ 14. Qc3 Bf8
15. O-O Na4 16. Qxb4 Bxb4 17. b3 Nac5 18. Rc1 Ne6 19. a3 Bc5 20. Nc3 Kf7 21.
Nd5 b6 22. b4 Bd6 23. Rc6 Bb8 24. Rac1 Bb7 25. R6c3 Bd6 26. Bd1 a5 27. Bb3 axb4
28. axb4 Kg7 29. g3 Rab8 30. Ba4 Bxd5 31. Bxd7 Bxb4 32. Bxe8 Bxc3 33. exd5 1-0

[Event "Lichtenberger Sommer 2017"]
[Site "Berlin"]
[Date "2017.08.24"]
[Round "6.30"]
[White "Nabel, Matthias"]
[Black "Syre, Christian"]
[Result "0-1"]
[WhiteElo "1940"]
[BlackElo "2208"]
[PlyCount "60"]
[EventDate "2017.??.??"]
[WhiteTeam "SV Motor Wildau"]
[BlackTeam "TSG Oberschöneweide"]

1. d4 Nf6 2. Nf3 c5 3. g3 cxd4 4. Nxd4 Nc6 5. Bg2 e6 6. O-O Bc5 7. Nb3 Be7 8.
c4 d5 9. cxd5 exd5 10. Nd4 O-O 11. Nc3 h6 12. h3 Qb6 13. e3 Nxd4 14. Qxd4 Qxd4
15. exd4 Be6 16. a3 Rac8 17. Bf4 Rc4 18. Rfd1 a6 19. Rac1 Rfc8 20. Bf1 R4c6 21.
Rd3 Ne4 22. Ne2 Rxc1 23. Nxc1 Rc2 24. Rb3 Nxf2 25. Rxb7 Bg5 26. Rb8+ Kh7 27.
Bd3+ Nxd3 28. Nxd3 Bxh3 29. Bxg5 hxg5 30. Ne5 f6 0-1

[Event "Lichtenberger Sommer 2017"]
[Site "Berlin"]
[Date "2017.08.24"]
[Round "6.31"]
[White "Wachtel, Arthur"]
[Black "Moser, Axel"]
[Result "0-1"]
[WhiteElo "1803"]
[BlackElo "2159"]
[PlyCount "62"]
[EventDate "2017.??.??"]
[WhiteTeam "SK Freising"]
[BlackTeam "SC Kreuzberg"]

1. e4 e5 2. Nf3 Nc6 3. Bc4 Nf6 4. d3 h6 5. c3 d6 6. Nbd2 g6 7. Bb3 Bg7 8. Nf1
O-O 9. Ng3 Na5 10. Bc2 c5 11. h3 Nc6 12. Be3 b6 13. Qd2 Kh7 14. Nh2 d5 15. Qc1
d4 16. Bd2 dxc3 17. bxc3 Ba6 18. c4 Nb4 19. Bxb4 cxb4 20. O-O Qd6 21. Qe3 Nd7
22. Rad1 Nc5 23. Qd2 Bb7 24. f4 exf4 25. Rxf4 Ne6 26. Rg4 Nd4 27. Rf1 Nxc2 28.
Qxc2 Be5 29. Nf3 Bxg3 30. d4 f5 31. e5 Bxe5 0-1

[Event "Lichtenberger Sommer 2017"]
[Site "Berlin"]
[Date "2017.08.24"]
[Round "6.32"]
[White "Miowitz, Torsten"]
[Black "Stark, Ingo"]
[Result "0-1"]
[WhiteElo "1857"]
[BlackElo "2161"]
[PlyCount "58"]
[EventDate "2017.??.??"]
[WhiteTeam "Lasker Steglitz-Wilmersdorf"]
[BlackTeam "TSG Oberschöneweide"]

1. d4 Nf6 2. c4 e6 3. Nc3 c5 4. d5 exd5 5. cxd5 d6 6. e4 g6 7. f4 Bg7 8. Bb5+
Nfd7 9. a4 Qh4+ 10. g3 Qe7 11. Nf3 O-O 12. O-O Na6 13. e5 dxe5 14. d6 Qd8 15.
Nd5 e4 16. Ng5 Nb4 17. Ne7+ Kh8 18. Bc4 Bd4+ 19. Kg2 Nf6 20. f5 Nd3 21. fxg6
fxg6 22. Nxc8 Rxc8 23. Ne6 Qxd6 24. Bh6 Ne5 25. Bg7+ Kg8 26. Rxf6 Rxf6 27. Bxf6
Nxc4 28. Bxd4 cxd4 29. Qxd4 Qxe6 0-1

[Event "Lichtenberger Sommer 2017"]
[Site "Berlin"]
[Date "2017.08.24"]
[Round "6.33"]
[White "Hüls, Maximilian"]
[Black "Buehler, Florian"]
[Result "1/2-1/2"]
[WhiteElo "1767"]
[BlackElo "2063"]
[PlyCount "77"]
[EventDate "2017.??.??"]
[WhiteTeam "SV Mattnetz Berlin"]
[BlackTeam "Spgem Kötz/Ichenhausen"]

1. e4 c5 2. c3 d5 3. exd5 Qxd5 4. d4 Nf6 5. Nf3 Bg4 6. Be2 e6 7. Be3 cxd4 8.
cxd4 Nc6 9. Nc3 Qa5 10. O-O Be7 11. a3 O-O 12. Qb3 Qc7 13. h3 Bf5 14. d5 exd5
15. Nxd5 Nxd5 16. Qxd5 Be6 17. Qe4 Rfd8 18. Rfd1 Qa5 19. Bd3 g6 20. b4 Qa4 21.
Bc2 Rxd1+ 22. Bxd1 Qb5 23. Nd4 Nxd4 24. Bxd4 a5 25. Bf3 Rd8 26. Bc3 b6 27. a4
Qg5 28. h4 Qd5 29. Qxd5 Bxd5 30. Bxd5 Rxd5 31. bxa5 bxa5 32. g3 Rc5 33. Be1 f5
34. Kg2 Kf7 35. Kf3 Ke6 36. Ke3 Bf6 37. Rb1 Kd5 38. Kd3 Be5 39. Bd2 1/2-1/2

[Event "Lichtenberger Sommer 2017"]
[Site "Berlin"]
[Date "2017.08.24"]
[Round "6.34"]
[White "Bergmann, Jens"]
[Black "Kornrumpf, Joachim"]
[Result "0-1"]
[WhiteElo "1878"]
[BlackElo "2074"]
[PlyCount "55"]
[EventDate "2017.??.??"]
[WhiteTeam "SK Tempelhof 1931"]
[BlackTeam "Preetzer TSV"]

1. e4 c5 2. Nf3 e6 3. d4 cxd4 4. Nxd4 a6 5. g3 b6 6. Bg2 Bb7 7. O-O Qc7 8. Re1
d6 9. a4 Nf6 10. Ra3 Be7 11. Rc3 Qd7 12. Rd3 Nc6 13. e5 Nxe5 14. Rxe5 Bxg2 15.
Re1 Bb7 16. g4 g6 17. Bg5 O-O 18. Rh3 Rfe8 19. Qd2 Ne4 20. Rxe4 Bxe4 21. Nc3
Bb7 22. Qe3 Rac8 23. Nce2 e5 24. Nf5 gxf5 25. gxf5 Qxf5 26. Bxe7 Rxe7 27. Qh6
Re6 28. Rg3+ 0-1

[Event "Lichtenberger Sommer 2017"]
[Site "Berlin"]
[Date "2017.08.24"]
[Round "6.35"]
[White "Sabrowski, Uwe"]
[Black "Schröter, Maik"]
[Result "1-0"]
[WhiteElo "2122"]
[BlackElo "1876"]
[PlyCount "113"]
[EventDate "2017.??.??"]
[WhiteTeam "SC Friesen Lichtenberg"]
[BlackTeam "SG Stadtilm"]

1. d4 Nf6 2. c4 e6 3. Nc3 Bb4 4. e3 b6 5. Nge2 Bb7 6. a3 Bxc3+ 7. Nxc3 d5 8. f3
O-O 9. cxd5 Nxd5 10. e4 Nxc3 11. bxc3 Bxe4 12. fxe4 Qh4+ 13. Kd2 c5 14. Qe1 Qd8
15. Bb2 Nc6 16. Qe3 Na5 17. Ke1 f5 18. Rd1 c4 19. g3 Qf6 20. Bg2 Qg6 21. Rd2
Rae8 22. e5 Nb3 23. Re2 h5 24. Qf4 Rd8 25. Bf3 Qe8 26. Kf2 Kh7 27. Kg2 Rg8 28.
Qg5 g6 29. Rf1 Rf8 30. Ref2 b5 31. Bd1 a5 32. g4 hxg4 33. h3 gxh3+ 34. Kxh3 Kg7
35. Rh2 Rh8+ 36. Kg2 Qc6+ 37. Bf3 Rxh2+ 38. Kxh2 Rh8+ 39. Kg2 Qe8 40. Qf6+ Kg8
41. d5 Nd2 42. Rf2 Nxf3 43. Rxf3 exd5 44. Rg3 Rh7 45. Qxf5 Rg7 46. Qf6 Qe7 47.
Bc1 Qxf6 48. exf6 Rh7 49. Rxg6+ Kf7 50. Rh6 Rxh6 51. Bxh6 Kxf6 52. Kf3 Ke6 53.
Ke3 Kd6 54. Kd4 Kc6 55. Bf8 b4 56. axb4 axb4 57. Bxb4 1-0

[Event "Lichtenberger Sommer 2017"]
[Site "Berlin"]
[Date "2017.08.24"]
[Round "6.37"]
[White "Tscheuschner, Georg"]
[Black "Schulz, Toni"]
[Result "1-0"]
[WhiteElo "1992"]
[BlackElo "1878"]
[PlyCount "55"]
[EventDate "2017.??.??"]
[WhiteTeam "SV Mattnetz Berlin"]
[BlackTeam "ESV Lok Raw Cottbus"]

1. c4 Nf6 2. Nc3 d6 3. g3 c5 4. Nf3 Nc6 5. d4 b6 6. Bg2 Bb7 7. d5 Nb8 8. O-O e5
9. dxe6 fxe6 10. Bh3 e5 11. Ng5 Nc6 12. Ne6 Qe7 13. Qa4 h6 14. Nd5 Qf7 15.
Nec7+ Kd8 16. Nxa8 Nxd5 17. cxd5 Nd4 18. e4 Bxa8 19. f4 exf4 20. Bxf4 b5 21.
Qa5+ Qc7 22. Qd2 Be7 23. Be3 Bg5 24. Bxg5+ hxg5 25. Qxg5+ Ke8 26. Qg6+ Kd8 27.
Rf7 Ne2+ 28. Kf2 1-0

[Event "Lichtenberger Sommer 2017"]
[Site "Berlin"]
[Date "2017.08.24"]
[Round "6.38"]
[White "Schäfer, Heiko"]
[Black "Ros Gorne, Ramon"]
[Result "1-0"]
[WhiteElo "1993"]
[BlackElo "1645"]
[PlyCount "77"]
[EventDate "2017.??.??"]
[WhiteTeam "Potsdamer SV"]
[BlackTeam "Sant Boi de Llobregat"]

1. Nf3 d5 2. d4 Nf6 3. c4 e6 4. g3 Be7 5. Bg2 O-O 6. O-O Nbd7 7. b3 c5 8. cxd5
exd5 9. Bb2 Ne4 10. Nc3 Ndf6 11. Rc1 Nxc3 12. Bxc3 Ne4 13. dxc5 Nxc5 14. Nd4
Ne4 15. Bb2 Bd7 16. Qd3 Nf6 17. Nf5 Be6 18. Rfd1 Re8 19. Nxe7+ Qxe7 20. Qd4 b6
21. Qf4 Rac8 22. Bxf6 Qxf6 23. Qxf6 gxf6 24. e3 Rxc1 25. Rxc1 Rc8 26. Rxc8+
Bxc8 27. Bxd5 Be6 28. e4 Kf8 29. Kg2 Ke7 30. Kf3 Kd6 31. Bxe6 fxe6 32. Ke3 Ke7
33. g4 b5 34. f4 h6 35. h4 a6 36. Kd4 Kd6 37. e5+ Ke7 38. Kc5 fxe5 39. fxe5 1-0

[Event "Lichtenberger Sommer 2017"]
[Site "Berlin"]
[Date "2017.08.24"]
[Round "6.39"]
[White "Krüger, Detlef"]
[Black "Daoud, Marcel"]
[Result "0-1"]
[WhiteElo "1816"]
[BlackElo "1928"]
[PlyCount "48"]
[EventDate "2017.??.??"]
[WhiteTeam "TSG Fredersdorf/Vogelsdorf"]
[BlackTeam "SK Freising"]

1. d4 Nf6 2. c4 e6 3. Nc3 Bb4 4. Nf3 O-O 5. Bg5 c5 6. a3 Bxc3+ 7. bxc3 h6 8.
Bh4 Qa5 9. Bxf6 Qxc3+ 10. Nd2 gxf6 11. dxc5 Na6 12. h4 Nxc5 13. Rh3 Qd4 14. e3
Qe5 15. Rb1 f5 16. Qh5 Qf6 17. e4 d6 18. g4 Qg6 19. exf5 exf5 20. Rg3 Re8+ 21.
Kd1 Kh8 22. Be2 Qxh5 23. gxh5 Bd7 24. Kc2 Rxe2 0-1

[Event "Lichtenberger Sommer 2017"]
[Site "Berlin"]
[Date "2017.08.24"]
[Round "6.40"]
[White "Woinowski, Michael"]
[Black "Jaeger, Andre"]
[Result "0-1"]
[WhiteElo "1761"]
[BlackElo "1994"]
[PlyCount "112"]
[EventDate "2017.??.??"]
[WhiteTeam "SC Kreuzberg"]
[BlackTeam "SC Rochade (Berlin)"]

1. e4 c5 2. Nc3 e6 3. g3 d5 4. Bg2 d4 5. Nce2 d3 6. cxd3 Qxd3 7. Nf4 Qd7 8. Nf3
Nc6 9. d3 Nf6 10. O-O Be7 11. b3 O-O 12. Bb2 Rd8 13. a3 b6 14. e5 Ne8 15. Ne1
Bb7 16. Qg4 Nd4 17. Bxb7 Qxb7 18. Bxd4 Rxd4 19. Nf3 Rd7 20. Ng5 Bxg5 21. Qxg5
Qf3 22. Qh4 h6 23. Rae1 Rd4 24. Re3 Qb7 25. Rfe1 Kh7 26. Qh3 Rad8 27. Nxe6 fxe6
28. Qxe6 Qd7 29. Qxd7 R8xd7 30. f4 Rxd3 31. Kf2 Rxe3 32. Rxe3 Kg8 33. Kf3 Kf8
34. g4 Rd4 35. h4 Nc7 36. f5 Nd5 37. Re1 b5 38. e6 Ke7 39. Re5 c4 40. bxc4 bxc4
41. g5 hxg5 42. hxg5 c3 43. f6+ gxf6 44. gxf6+ Kxf6 45. e7 Nxe7 46. Rc5 Nd5 47.
Ke2 Ke5 48. Rc8 Rd2+ 49. Ke1 Ra2 50. Rc4 Rxa3 51. Ke2 Ra2+ 52. Kd1 a5 53. Rc8
Kd4 54. Rh8 Ra1+ 55. Ke2 c2 56. Rh4+ Kc5 0-1

[Event "Lichtenberger Sommer 2017"]
[Site "Berlin"]
[Date "2017.08.24"]
[Round "6.41"]
[White "Günther, Boris"]
[Black "Buttkus, Andre"]
[Result "0-1"]
[WhiteElo "1693"]
[BlackElo "2031"]
[PlyCount "52"]
[EventDate "2017.??.??"]
[WhiteTeam "SF Friedrichshagen"]
[BlackTeam "SK Tempelhof 1931"]

1. d4 Nf6 2. c4 e6 3. Nc3 Bb4 4. e3 O-O 5. Nge2 d5 6. a3 Be7 7. cxd5 exd5 8.
Nf4 c6 9. Bd3 Re8 10. Qc2 Bd6 11. Nfe2 c5 12. dxc5 Bxc5 13. O-O Nc6 14. b4 Bd6
15. h3 Qe7 16. Bf5 Qe5 17. Bxh7+ Nxh7 18. Rd1 Bf5 19. Qd2 Qh2+ 20. Kf1 Qh1+ 21.
Ng1 d4 22. Nb5 Bh2 23. Nxd4 Nxd4 24. Qxd4 Qxg1+ 25. Ke2 Qxg2 26. Bb2 Be5 0-1

[Event "Lichtenberger Sommer 2017"]
[Site "Berlin"]
[Date "2017.08.24"]
[Round "6.42"]
[White "Lichii, Elizaveta"]
[Black "Stein, Siegfried"]
[Result "1-0"]
[WhiteElo "1862"]
[BlackElo "1761"]
[PlyCount "33"]
[EventDate "2017.??.??"]
[WhiteTeam "vereinslos"]
[BlackTeam "SV Berolina Mitte"]

1. e4 e5 2. Nf3 Nc6 3. Bb5 a6 4. Ba4 Nf6 5. O-O Be7 6. Re1 b5 7. Bb3 O-O 8. h3
d5 9. exd5 Nxd5 10. Nxe5 Nxe5 11. Rxe5 Nf6 12. d4 Bd6 13. Re1 Ng4 14. Qf3 Qh4
15. Re8 Bb7 16. Rxf8+ Kxf8 17. Qxf7# 1-0

[Event "Lichtenberger Sommer 2017"]
[Site "Berlin"]
[Date "2017.08.24"]
[Round "6.43"]
[White "Schmalisch, Bastian"]
[Black "Bender, Leon"]
[Result "0-1"]
[WhiteElo "1600"]
[BlackElo "2016"]
[PlyCount "52"]
[EventDate "2017.??.??"]
[WhiteTeam "vereinslos"]
[BlackTeam "Sfr. Kelkheim"]

1. d4 Nf6 2. c4 e6 3. Nc3 Bb4 4. Nf3 b6 5. a3 Bxc3+ 6. bxc3 Ba6 7. e3 c5 8. Bd3
Nc6 9. O-O Na5 10. Nd2 Rc8 11. Qe2 cxd4 12. cxd4 Qc7 13. Bb2 Bxc4 14. Rfc1 d5
15. a4 O-O 16. Ba3 Rfe8 17. Bb4 Bxd3 18. Qxd3 Qxc1+ 19. Rxc1 Rxc1+ 20. Nf1 Nc4
21. f3 Ra1 22. Qb3 a5 23. Bc3 Ra3 24. Qc2 b5 25. axb5 Rb8 26. Bb2 Ra2 0-1

[Event "Lichtenberger Sommer 2017"]
[Site "Berlin"]
[Date "2017.08.24"]
[Round "6.44"]
[White "Kautz, Stefan"]
[Black "Nimptsch, Nikolas"]
[Result "1-0"]
[WhiteElo "1909"]
[BlackElo "1379"]
[PlyCount "55"]
[EventDate "2017.??.??"]
[WhiteTeam "SC Empor Maulwurf Bonn"]
[BlackTeam "Leegebrucher SF"]

1. e4 c5 2. Nc3 g6 3. g3 Bg7 4. Bg2 Nc6 5. d3 d6 6. Be3 Nf6 7. h3 Bd7 8. Nge2
Qc8 9. Qd2 O-O 10. Bh6 a6 11. Bxg7 Kxg7 12. f4 b5 13. e5 Ne8 14. O-O-O Nc7 15.
g4 b4 16. Ne4 Nb5 17. exd6 exd6 18. f5 f6 19. g5 Bxf5 20. gxf6+ Kh8 21. Qh6 Ra7
22. N2g3 Ncd4 23. Rhf1 c4 24. dxc4 Qxc4 25. Qxf8+ Qg8 26. Qxg8+ Kxg8 27. Nxf5
Nxf5 28. Rde1 1-0

[Event "Lichtenberger Sommer 2017"]
[Site "Berlin"]
[Date "2017.08.24"]
[Round "6.45"]
[White "Lehmkuhl, Stefan"]
[Black "Krefenstein, Sergej"]
[Result "0-1"]
[WhiteElo "1873"]
[BlackElo "2173"]
[PlyCount "58"]
[EventDate "2017.??.??"]
[WhiteTeam "Breloher SC"]
[BlackTeam "TuS Makkabi Berlin"]

1. c4 Nf6 2. Nc3 e6 3. d4 Bb4 4. e3 O-O 5. Bd3 d5 6. Nge2 b6 7. a3 Bd6 8. cxd5
exd5 9. Ng3 Re8 10. Nf5 Bf8 11. O-O Be6 12. Bd2 Nbd7 13. Rc1 c5 14. Ng3 g6 15.
dxc5 Nxc5 16. Bb1 Bg4 17. Nge2 Bg7 18. h3 Bc8 19. b4 Nce4 20. Nd4 Bb7 21. Ncb5
Re7 22. Be1 a6 23. Nc3 Rc8 24. Nxe4 Nxe4 25. f3 Rxc1 26. Qxc1 Rc7 27. Qb2 Nd6
28. Bg3 Qe7 29. Rc1 Qxe3+ 0-1

[Event "Lichtenberger Sommer 2017"]
[Site "Berlin"]
[Date "2017.08.24"]
[Round "6.46"]
[White "Guenther, Thomas"]
[Black "Bruening, Wolfgang"]
[Result "1-0"]
[WhiteElo "2061"]
[BlackElo "1791"]
[PlyCount "53"]
[EventDate "2017.??.??"]
[WhiteTeam "SV Senat (FV Schach)"]
[BlackTeam "vereinslos"]

1. d4 e6 2. Nf3 f5 3. e3 Nf6 4. Bd3 d5 5. O-O Bd6 6. b3 Qe7 7. Bb2 O-O 8. Nbd2
c6 9. c4 b6 10. Ne5 Bb7 11. Rc1 g6 12. f3 Rc8 13. Qe2 a5 14. e4 Nbd7 15. Nxd7
Nxd7 16. e5 Bc7 17. cxd5 exd5 18. f4 Nf8 19. g4 fxg4 20. Qxg4 Bd8 21. Nf3 Rc7
22. f5 Bc8 23. Qg3 Qg7 24. f6 Qd7 25. Ba3 Bb7 26. Ng5 Rac8 27. f7+ 1-0